MUSIBAT

Bibliographic Details
Main Author: Naim Tamdjis (Author)
Format: Book
Language:Malay
Published: Shah Alam, Selangor : Grup Buku Karangkraf Sdn. Bhd. 2018
Subjects:

MARC

LEADER 00000cam a2200000 7i4500
001 0000028485
005 20190524.0
008 190515 my may
020 |a 9789674464103 
040 |a INS   |b eng   |e rda 
090 0 0 |a PL 5139   |b N35 2018 
100 0 |a Naim Tamdjis ,   |e author 
245 1 0 |a MUSIBAT   |c NAIM TAMDJIS 
264 1 |a Shah Alam, Selangor :   |b Grup Buku Karangkraf Sdn. Bhd.   |c 2018 
264 4 |c ©2018 
300 |a 448 pages ;   |c 19 cm. 
336 |a text  |2 rdacontent 
337 |a unmediated  |2 rdamedia 
338 |a volume  |2 rdacarrier 
650 0 |a Malay fiction 
999 |a 1000003728   |b BOOK   |c Open Shelf   |e Default branch